Normale Ansicht MARC-Ansicht ISBD

Ludwig Burger und Theodor Fontane: (Titelsatznr. 80529)

[ MARC ]
MARC-Details
000 -Satzkennung
Kontrollfeld mit fester Länge 00683nam a2200193 4500
008 - Feld mit fester Länge zur physischen Beschreibung - Allgemeine Angaben
Kontrollfeld mit fester Länge 210108b ||||| |||| 00| 0 eng d
040 ## - Katalogisierungsquelle
Original-Katalogisierungsstelle STAFF
Katalogisierungssprache ger
Übertragungsstelle STAFF
Beschreibungsfestlegungen rda
041 ## - Sprachcode
Sprachcode des Textes/der Tonspur oder des separaten Titels ger
100 ## - Person oder Familie als 1. geistiger Schöpfer
Personenname Bahl, Jürgen
245 ## - Titel
Haupttitel Ludwig Burger und Theodor Fontane:
Titelzusatz mit einem Anhang zur Familie Burger/
Verantwortlichkeitsangabe Jürgen Bahl
600 ## - Nebeneintragung unter einem Schlagwort - Personenname
Personenname Fontane, Theodor
Quelle der Ansetzung oder des Terms (1819-1898)
600 ## - Nebeneintragung unter einem Schlagwort - Personenname
Personenname Burger, Ludwig
Quelle der Ansetzung oder des Terms (1825-1884)
651 ## - Nebeneintragung unter einem Schlagwort - Geografischer Name
Geografischer Name Frankfurt (Oder)
773 ## - Übergeordnete Einheit
Ort, Verlag und Erscheinungsjahr Berlin
Verknüpfungsangaben 121. Jahrgang (2020) Heft 3, S. 166-176
Titel Landesgeschichtliche Vereinigung für die Mark Brandenburg e.V. gegründet 1884: Mitteilungsblatt
942 ## - Zusätzliche Felder (Koha)
Koha-Medientyp Aufsätze
Exemplare
Ausgeschieden Verloren Beschädigt Nicht entleihbar Permanenter Standort Aktueller Standort Aufstellungsort Eingabedatum Jahrgang/Heft Anzahl Ausleihen Signatur Letzte Aktivität Preis gültig von Medientyp
        Stadtarchiv Frankfurt (Oder) | Archivbibliothek Stadtarchiv Frankfurt (Oder) | Archivbibliothek Magazin 08/01/2021 Heft 3/2020   II: 4107 08/01/2021 08/01/2021 Aufsätze